000 00563nam a22001937a 4500
003 CEME
005 20210628210515.0
008 210209b xxu||||| |||| 00| 0 eng d
020 _a0-256-13899-0
040 _c.
082 _a658.5 VOL
100 _aVollman, Thomas E Whybark, D Clay Berry, William L
_979690
245 _aManufacturing planning and control systems
250 _a4TH
260 _aNEW YOR
_bMCGRAW HILL
_c1997
300 _a836P
650 _aPRODUCTION PLANNING PRODUCTION CONTROL CONTROL SYSTEMS-MANUFACTURING
_979691
942 _cBK
_2ddc
999 _c584697
_d584697